Les 10 meilleurs marqueurs de point en équipe de France de rugby - Statistiques

Statistiques générales
  • Ce quiz a été pris 52 fois
  • Le résultat moyen est 4 sur 10
Statistiques - réponses
Période d'activité Nombre de points Réponse % Correct
2019- 413 Thomas Ramos
98%
2001-2015 436 Christophe Michalak
79%
2008-2019 370 Morgan Parra
60%
1996-2001 380 Christophe Lamaison
45%
2002-2012 373 Dimitri Yachvili
45%
1989-1997 367 Thierry Lacroix
13%
1999-2003 267 Gerald Merceron
9%
1982-1991 354 Didier Camberabero
6%
1995-2007 252 Thomas Castaignede
6%
1972-1979 265 Jean Pierre Romeu
2%
Aucun quiz correspondant
Distribution des résultats
% des personnes avec chaque résultat
Percentile par nombre de réponses
Votre historique - résultats
Vous n’avez pas pris ce quiz